Hilenin zaferi yatsıya kadar (Record no. 5123)

MARC details
000 -BAŞLIK
Sabit Uzunlukta Kontrol Alanı 00973na a2200289 4500
001 - KONTROL NUMARASI
Denetim Alanı 14918
003 - KONTROL NUMARASI IDENTIFIER
Denetim Alanı MIRAKIL
005 - SON İŞLEM TARİHİ VE ZAMANI
Denetim Alanı 20181213155028.0
008 - SABİT-BOY VERİ ELEMANLARI - GENEL BİLGİLER
Sabit Uzunlukta Kontrol Alanı 161006b tu 000 0
035 ## - SİSTEM KONTROL NUMARASI
Sistem Kontrol Numarası 14918
040 ## - KATALOGLAMA KAYNAK
Orijinal Kataloglama Ajansı Milas
Kataloglama Dili tur
Metne Dönüştürmek Ajansı TR-AnCHP
041 ## - DİL KODU
Metin / Ses Parça Veya Ayrı Başlığın Dil Kodu tur
082 ## - DEWEY ONLU SINIFLANDIRMA NUMARASI
Sınıflandırma Numarası 926 Işık,M.K.
Ürün Numarası C44h 2009
090 ## - SINIFLAMA NUMARASI
Sınıflama Numarası 926 Işık,M.K. C44h 2009
100 ## - ANA GİRİŞ - KİŞİSEL İSİM
Kişisel Ad Işık, M.Kemal
245 ## - BAŞLIK TABLOSU
Başlık Hilenin zaferi yatsıya kadar
Başlığın Kalan Bir bürokratın onurlu hukuk savaşı
Sorumluluk Tablosu, Vb M.Kemal Işık ; hazırlayan Tanju Cılızoğlu
246 ## - UNVAN FORM VARYING
Başlık Doğru / Kısa Başlığı Bir bürokratın onurlu hukuk savaşı
260 ## - YAYIN, DAĞITIM, VB
Yayın, Dağıtım, Vb Yeri İstanbul
Yayıncı, Dağıtıcı, Vs Adı [yayl.y.]
Yayın, Dağıtım, Vb Tarihi 2009
300 ## - FİZİKSEL TANIM
Kapsam 356 s.
Diğer Fiziksel Ayrıntıları res.
Boyutlar 24 sm.
600 ## - KONU KATMA GİRİŞ - KURUMSAL ADI
Kişisel Ad Işık,M.Kemal
Başlıklar Ve Bir Adla İlişkili Diğer Kelimeler Yüksek Mühendis
Genel Alt Bölümü Anılar
610 ## - KONU KATMA GİRİŞ - TOPLANTI ADI
Giriş Elemanı Olarak Kurumsal Ad Veya Yargı Alanı Adı Türkiye Petrol Rafinerileri A.Ş. (TÜPRAŞ)
Genel Alt Bölüm Yolsuzluklar
650 ## - KONU KATMA GİRİŞ - TOPİKAL DÖNEM
Topikal Süreli Veya Coğrafi Ad Giriş Elemanı Kamu yöneticileri
Genel Alt Bölümü Yaşamöyküsü
Coğrafi Alt Bölümü Türkiye
650 ## - KONU KATMA GİRİŞ - TOPİKAL DÖNEM
Topikal Süreli Veya Coğrafi Ad Giriş Elemanı Hukuksuzluk
Coğrafi Alt Bölümü Türkiye
650 ## - KONU KATMA GİRİŞ - TOPİKAL DÖNEM
Topikal Süreli Veya Coğrafi Ad Giriş Elemanı Yolsuzluk
Coğrafi Alt Bölümü Türkiye
700 ## - KATMA GİRİŞ - KİŞİSEL İSİM
Kişisel Ad Cılızoğlu,H.Tanju
942 ## - EKLENDİ GİRİŞ ELEMANLARI (KOHA)
Sınıflandırma Veya Raf Düzeni Kaynak Dewey Decimal Classification
Koha Öğesi Türü Books
999 ## - SİSTEM KONTROL NUMARALARI (KOHA)
Koha Biblionumber 5123
Koha Biblioitemnumber 5123
Holdings
Kalıcı Konum Mevcut Konum Edinme Tarihi Edinim Kaynak Toplam Check-Out'Lar Tam Çağrı Numarası Barkod Tarih Son Görülme İtibaren Geçerli Fiyatlar Koha Öğesi Türü Kopya Sayısı
CHP Kütüphanesi CHP Kütüphanesi 09/02/2016 Bağış   926 Işık,M.K. C44h 2009 003206 09/02/2016 09/02/2016 Books k.2
Parti Okulu Kütüphanesi Parti Okulu Kütüphanesi 09/02/2016 Bağış   926 Işık,M.K. C44h 2009 P00639 09/02/2016 09/02/2016 Books